Sanat - "Funeral song" - Ellinoora - Statistics

Yleistilastot
  • Tätä visaa on pelattu 66 kertaa
  • Keskiarvotulos 128 / 166
Vastaustilastot
Vastaus % Oikein
Ku
100%
ei
98%
98%
rakas
95%
Jotku
91%
kun
91%
kuolee
91%
nukkuu
91%
pois
91%
rakastaa
91%
saa
91%
toiset
91%
vanhana
91%
nuorena
88%
vanhana
88%
ja
86%
jotkut
86%
koskaan
86%
86%
86%
se
86%
jos
84%
että
81%
liikaa
81%
pelottaa
81%
seppeleen
81%
että
79%
hautaamaan
79%
jää
79%
joutuu
79%
päähäni
79%
sen
79%
Me
77%
puen
77%
teen
77%
aina
74%
sun
74%
kai
72%
mitään
72%
oo
72%
peliin
72%
sua
72%
tänne
72%
voi
72%
itsemme
70%
kaipaan
70%
laitettiin
70%
jälkeesi
67%
voittajii
67%
hävii
65%
pääni
65%
sisällä
65%
tanssii
65%
lähtee
63%
silloin
63%
takas
63%
toinen
60%
en
56%
kerran
56%
menettää
56%
mun
56%
yllättää
56%
demonit
53%
elämä
53%
joku
53%
kääntyy
53%
on
53%
vielä
53%
meet
51%
pimeyteen
51%
sanoo
51%
syvemmälle
51%
kipusi
49%
eksyn
47%
haavat
47%
miks
47%
ymmärrä
47%
mättää
44%
siksi
44%
haluut
40%
hypätä
37%
Ehtoja vastaavia visoja ei löytynyt
Tulosjakauma
Jokaisen tuloksen saaneiden osuus
Persentiili vastausten määrän mukaan
Tuloshistoriasi
Et ole pelannut tätä visaa